000
00337nam a2200157Ia 4500
100
_a
Kirch/Olaf/ Dawson/Terry
250
_a
2
942
_c
BK
654
_a
linux
245
_a
LINUX networks Administrators guide
260
_b
Oreilly & Ass Inc
_c
2000
082
_a
5.133
_b
KIR
300
_a
346
546
_a
ENGLISH
999
_c
28354
_d
28354